|
|
|
|
| LEADER |
00000nam0a2200000 4500 |
| 001 |
181761 |
| 005 |
20231101223638.0 |
| 010 |
|
|
|a 9785897540426
|
| 035 |
|
|
|a (RuTPU)RU\TPU\book\197028
|
| 090 |
|
|
|a 181761
|
| 100 |
|
|
|a 20100610d2008 k y0rusy50 ca
|
| 101 |
0 |
|
|a rus
|
| 102 |
|
|
|a RU
|
| 105 |
|
|
|a a z 001zy
|
| 200 |
1 |
|
|a Газотранспортные системы и технологии сегодня и завтра
|e сборник научных трудов
|f Газпром; Научно-исследовательский институт природных газов и газовых технологий (ВНИИГАЗ); под ред. С. И. Козлова
|
| 210 |
|
|
|a Москва
|c ВНИИГАЗ
|d 2008
|
| 215 |
|
|
|a 211 с.
|c ил.
|
| 320 |
|
|
|a Библиография в конце глав.
|
| 330 |
|
|
|a Газотранспортная система России является уникальным объектом с точки зрения объемов и дальности транспортировки энергоресурсов, особенностей ее формирования и функционирования и представляет собой весьма динамичную структуру, которая в процессе своей деятельности интенсивно преобразуется и совершенствуется с целью наиболее полного соответствия стратегическим задачам и текущим потребностям отрасли. Настоящий сборник содержит результаты некоторых исследований сотрудников научно-технического центра «Газотранспортные системы и технологии», отражающих различные направления деятельности этого подразделения ООО «ВНИИГАЗ» по обеспечению стабильной и эффективной работы газотранспортной системы, а также надежности газоснабжения потребителей газа как в России, так и за ее пределами. Сборник рассчитан на инженерно-технический персонал газовой промышленности, а также аспирантов и студентов старших курсов высших учебных заведений соответствующего профиля.
|
| 606 |
1 |
|
|a Газоснабжение
|x Надежность
|x Горное дело
|2 stltpush
|3 (RuTPU)RU\TPU\subj\5214
|9 33344
|
| 610 |
1 |
|
|a газотранспортные системы
|
| 610 |
1 |
|
|a Россия
|
| 610 |
1 |
|
|a газопроводный транспорт
|
| 610 |
1 |
|
|a компрессорные станции
|
| 610 |
1 |
|
|a технологическое оборудование
|
| 610 |
1 |
|
|a магистральные газопроводы
|
| 610 |
1 |
|
|a экология
|
| 610 |
1 |
|
|a ресурсосбережение
|
| 610 |
1 |
|
|a энергосбережение
|
| 610 |
1 |
|
|a природный газ
|
| 610 |
1 |
|
|a транспортировка
|
| 675 |
|
|
|a 622.691.4
|v 3
|
| 702 |
|
1 |
|a Козлов
|b С. И.
|4 340
|
| 712 |
0 |
2 |
|a Газпром
|c Открытое Акционерное Общество
|c (Москва)
|2 stltpush
|3 (RuTPU)RU\TPU\col\11
|
| 712 |
0 |
2 |
|a Научно-исследовательский институт природных газов и газовых технологий (ВНИИГАЗ)
|c (Москва)
|2 stltpush
|3 (RuTPU)RU\TPU\col\16396
|
| 801 |
|
1 |
|a RU
|b 63413507
|c 20100610
|
| 801 |
|
2 |
|a RU
|b 63413507
|c 20140722
|g RCR
|
| 942 |
|
|
|c BK
|
| 959 |
|
|
|a 41/20100609
|d 1
|e 533,00
|f ЧЗТЛ:1
|